| 000 | 00661nam a2200253Ia 4500 | ||
|---|---|---|---|
| 008 | 170203s9999 xx 000 0 und d | ||
| 020 | _a0-486280209 | ||
| 050 | _aFic | ||
| 050 | _bSt851a | ||
| 100 | _aAesop. | ||
| 245 | _aAesop's Fables / | ||
| 245 | _cillustrated by Pat Stewart. | ||
| 260 | _aNew York : | ||
| 260 | _bDover Publications, | ||
| 260 | _c©1994. | ||
| 300 | _avii, 83 pages : | ||
| 300 | _billustrations ; | ||
| 300 | _c20 cm. | ||
| 440 | _aDover children's thrift classics. | ||
| 650 | _aFables, Greek -- Translations into English. | ||
| 650 | _aFables. | ||
| 650 | _aFolklore. | ||
| 700 | _aStewart, Pat Ronson, ill. | ||
| 999 |
_c306659 _d306659 |
||